| 000 | 00481nam a22001337a 4500 | ||
|---|---|---|---|
| 040 | _cNUST | ||
| 082 | _a220 PRO | ||
| 100 |
_aNC Abshar Hassan NC Aleena Khan NC Mehre Taban _9103586 |
||
| 110 |
_aProject Supervisor Dr. Qasim Umar Khan _9103587 |
||
| 245 | _aPR-SOF-2203-Design of A Pattern Diversified Microstrip Patch Antenna For Sub-6 GHZ 5G Communication Applications | ||
| 260 |
_aIslamabad: _bNUST College of EME, _c2022 |
||
| 650 |
_aDE-ELECT-40 _9103514 |
||
| 942 |
_2ddc _cPR |
||
| 999 |
_c592488 _d592488 |
||